00471nam a22001577a 450000500170000000800410001702000150005804100130007308200120008610000370009824500610013525000180019626000460021430000280026065000250028820231027103937.0231027b |||||||| |||| 00| 0 eng d a0702111686 aEnglish  a657 BOB aBobrov, J and Faul, MAlEnglish  aThe Keeping of Attorneys' Books /cJ Bobrov and MA Faul  aThird Edition aCape Town :bJuta and Company Ltd, c1981 bix, 117 pages ;c26 cm. aLegal practice bLaw